Reglamento de policía de la ciudad de Oaxaca de Juárez acordado por el H. Ayuntamiento en cabildo de 24 de julio de 1891 y aprobado por el... Gobierno del Estado en 18 de... año

Detalles Bibliográficos
Autor Corporativo: Oaxaca (México). Leyes, decretos, etc
Formato: Libro
Lenguaje:Spanish
Publicado: Oaxaca : Imprenta del Estado, a cargo de Ignacio Candiani, 2° calle de Murguía, número 9, 1891.
Materias:
Colección:Banco de datos
Acervo:Universidad Autónoma Benito Juárez de Oaxaca. Biblioteca Francisco de Burgoa. Colección folletos
Descripción Física:26 p. ; 15.5 cm.
Tema general:Reglamentos
Notas:Portada tipográfica con orla y viñeta. Texto a renglón seguido con paginación en números arábigos. Encuadernación en papel. Sello en tinta de la Biblioteca Pública del Estado de Oaxaca, Oax.
LEADER 01038nam a22001810004500
035 |a 290 
041 0 |a spa 
110 1 |a Oaxaca (México). Leyes, decretos, etc. 
245 1 0 |a Reglamento de policía de la ciudad de Oaxaca de Juárez acordado por el H. Ayuntamiento en cabildo de 24 de julio de 1891 y aprobado por el... Gobierno del Estado en 18 de... año  
260 |a Oaxaca : Imprenta del Estado, a cargo de Ignacio Candiani, 2° calle de Murguía, número 9, 1891.  
300 |a 26 p. ; 15.5 cm.  
500 |a Portada tipográfica con orla y viñeta. Texto a renglón seguido con paginación en números arábigos. Encuadernación en papel. Sello en tinta de la Biblioteca Pública del Estado de Oaxaca, Oax. 
501 |a 13 obras 
650 1 0 |a Reglamentos 
852 |a Universidad Autónoma "Benito Juárez" de Oaxaca, Biblioteca Francisco de Burgoa, Colección folletos 19573-F 
942 |c BURFOL 
943 |g Universidad Autónoma Benito Juárez de Oaxaca. Biblioteca Francisco de Burgoa. Colección folletos 
999 |c 1118328  |d 1118328